[Event "93rd FRA-ch Acession 2018"]
[Site "Nimes"]
[Date "2018.08.22"]
[Round "5"]
[White "Monroy, Charles"]
[Black "Calistri, Tristan"]
[Result "1-0"]
[WhiteElo "2428"]
[BlackElo "2303"]
[Annotator "TA"]
[PlyCount "37"]
[EventDate "2018.08.18"]
[EventType "tourn"]
[EventCountry "FRA"]
[SourceTitle "playchess.com"]
[Source "ChessBase"]
[SourceQuality "1"]

{[%evp 19,37,26,26,20,48,36,68,35,86,83,84,76,135,133,124,121,229,214,261,248]} 1. e4 g6 2. d4 Bg7 3. Nf3 d6 4. Bc4 e6 5. Bb3 b6 (5... Ne7 6. O-O O-O 7. Re1 Nd7 8. c3 a6 9. Nbd2 b5 10. Nf1 c5 11. Ng3 Bb7 12. Bf4 e5 13. Be3 exd4 14. cxd4 {0-1 (40) Grandelius,N (2653)-Dubov,D (2677) Germany 2017}) 6. O-O {B06: Modern Defence} Bb7 7. Re1 Nd7 8. Nbd2 Ne7 9. Nf1 O-O 10. Ng3 c5 {LiveBook: 7 Games} 11. c3 Qc7 12. h4 {[%cal Bh2h4,Bh4h5][%mdl 32]} e5 13. h5 Rad8 $146 (13... cxd4 $14 14. cxd4 exd4) ({Predecessor:} 13... exd4 14. cxd4 {1-0 (34) Biro,S (2257)-Szabo,B (2254) Hungary 2015}) 14. Bg5 $16 Nf6 15. Qe2 Rde8 (15... exd4 $142 16. h6 (16. cxd4 d5 $16) 16... Bh8) 16. dxe5 dxe5 17. Rad1 Nc6 {[#]} (17... a6 $16) 18. Nh4 $1 $18 Na5 19. hxg6 {Precision: White = 88%, Black = 21%.} 1-0

[Event "93rd FRA-ch Acession 2018"]
[Site "Nimes"]
[Date "2018.08.22"]
[Round "5"]
[White "Bujisho, Benjamin"]
[Black "Lagarde, Maxime"]
[Result "0-1"]
[WhiteElo "2334"]
[BlackElo "2607"]
[Annotator "TA"]
[PlyCount "42"]
[EventDate "2018.08.18"]
[EventType "tourn"]
[EventCountry "FRA"]
[SourceTitle "playchess.com"]
[Source "ChessBase"]
[SourceQuality "1"]

{[%evp 10,42,21,12,54,51,25,33,36,43,50,34,33,16,37,-51,-47,-72,-39,-42,-41,-39,-53,-127,-65,-72,-69,-547,-551,-720,-622,-1283,-1259,-1741,-1727]} 1. e4 c5 2. Nf3 Nc6 3. Bb5 e6 4. O-O Nge7 5. Ba4 (5. d4 cxd4 6. Nxd4 Qb6 7. Nxc6 bxc6 8. Bd3 Ng6 9. c4 Be7 10. Nc3 O-O 11. Na4 Qc7 12. c5 d5 13. cxd6 Bxd6 14. g3 c5 {1-0 (27) Caruana,F (2811)-Lenic,L (2662) chess.com INT 2018}) 5... a6 6. c4 {LiveBook: 13 Games. B30: Sicilian: 2...Nc6 3 Bb5, lines without ...g6} g6 7. d4 cxd4 8. Nxd4 {White has an edge.} Bg7 9. Be3 Ne5 $146 {[%cal Bc6e5,Be5d3,Bd3b2][%mdl 32]} ({Predecessor:} 9... Qc7 10. Bb3 Qd6 11. c5 Qc7 12. Nc3 Na5 13. Nde2 Nxb3 14. axb3 {1-0 (26) Ponkratov,P (2296)-Orudzhov,A Tomsk 2003}) 10. Nd2 O-O 11. f4 Nd3 12. f5 ({White should try} 12. Qc2 $14 Nxf4 13. Bxf4 (13. Rxf4 e5 $15) 13... Bxd4+ 14. Kh1) 12... exf5 $15 13. exf5 {[#] Strongly threatening f6.} Nc6 14. f6 Re8 $1 {[%cal Re8e3]} 15. Ne4 Nxb2 16. Qf3 (16. Qc2 $15 Bf8 17. Bb3 (17. Qxb2 Rxe4 18. Nxc6 dxc6 $17)) 16... Ne5 (16... Bf8 $17 17. Bxc6 dxc6) 17. Qg3 $1 {[#]} Bf8 $1 ({Not} 17... Nexc4 18. fxg7 Rxe4 19. Qf3 $16) 18. Qh4 $2 {[%mdl 8192]} (18. Nf5 $1 $15 Nbxc4 19. Ne7+ Rxe7 20. fxe7 Bxe7 21. Bg5) 18... Nxa4 $19 {Black is clearly winning.} 19. Rf5 d5 20. Raf1 dxe4 21. Rh5 gxh5 {Precision: White = 37%, Black = 67%.} 0-1

[Event "93rd FRA-ch Acession 2018"]
[Site "Nimes"]
[Date "2018.08.23"]
[Round "6"]
[White "Lagarde, Maxime"]
[Black "Monroy, Charles"]
[Result "1/2-1/2"]
[WhiteElo "2607"]
[BlackElo "2428"]
[Annotator "TA"]
[PlyCount "136"]
[EventDate "2018.08.18"]
[EventType "tourn"]
[EventCountry "FRA"]
[SourceTitle "playchess.com"]
[Source "ChessBase"]
[SourceQuality "1"]

{[%evp 15,136,23,38,43,42,35,55,47,60,57,106,101,98,100,124,129,123,131,131,131,128,95,102,80,79,84,118,90,96,20,20,20,20,20,20,20,22,21,119,99,127,82,82,82,82,82,82,82,82,67,67,67,67,67,67,67,67,67,67,67,67,67,89,89,89,89,89,89,89,89,89,89,89,89,89,89,89,89,89,89,89,89,89,89,89,89,89,89,89,89,89,89,89,89,89,89,89,89,89,0,0,0,0,0,0,0,1,1,14,0,0,0,0,0,0,0,0,0,0,0,0,0,0]} 1. e4 e5 2. Bc4 Nf6 3. d3 Nc6 4. Nf3 Be7 5. a4 O-O 6. O-O d5 7. exd5 Nxd5 8. a5 {C55: Two Knights: 4 d3, 4 d4 exd4 5 e5 and Max Lange Attack} (8. h3 Kh8 9. Re1 f6 10. a5 b6 11. axb6 Nxb6 12. Bb3 Bb7 13. Nc3 Qd7 14. Ne4 a5 15. Be3 a4 {½-½ (35) Vocaturo,D (2600)-Buhmann,R (2633) Germany 2017}) 8... Bg4 {LiveBook: 3 Games} 9. c3 Qd6 10. h3 {White is slightly better.} Bh5 $146 ({Predecessor:} 10... Bf5 11. Nh2 Rad8 12. Qf3 Bg6 13. Rd1 Nf6 14. Qe3 Rfe8 15. b4 e4 16. d4 Ne5 17. Be2 Nd3 18. Bxd3 exd3 19. Ng4 Nxg4 20. hxg4 Qd5 21. Qg3 Qb3 22. Re1 Bh4 {0-1 (22) Smail,J-Steinman,A (1911) ICCF email 2010}) 11. Nbd2 Rad8 12. Ne4 Qd7 {[#]} 13. Nxe5 $1 {[%mdl 512]} Nxe5 14. Qxh5 Nxc4 15. dxc4 Nf6 16. Nxf6+ Bxf6 17. Qf3 Qc8 18. a6 bxa6 19. Bf4 Rfe8 20. Ra5 Qb8 21. b4 Qa8 {...Qxf3 would now be nice for Black.} 22. Qxa8 ({Of course not} 22. Bxc7 $6 Qxf3 23. gxf3 Rc8 $11) ({White should play} 22. Rxa6 $16 Qxf3 23. gxf3) 22... Rxa8 $11 23. Rxa6 {Strongly threatening b5.} Re4 $1 {[%cal Re4f4]} 24. Bxc7 Rxc4 25. Bd6 Bxc3 26. Rc1 {[#] b5 is the strong threat.} Rd8 (26... Rcc8 $1 $11) 27. Rxa7 h6 28. Rc7 Rd4 29. R1xc3 R8xd6 $16 {[%mdl 4096] Endgame KRR-KRR} 30. Rf3 Rxb4 31. Rfxf7 Rg6 32. g3 Rbb6 33. Kg2 Rbf6 34. Rfd7 Rd6 35. Rc8+ Kh7 36. Rdc7 (36. Rb7 {keeps more tension.} Rb6 37. Ra7 Ra6 38. Re7 Rge6 39. Rd7) 36... Rgf6 37. Rc2 Rd3 38. h4 {[%cal Bh3h4,Bh4h5][%mdl 32]} Rdf3 39. h5 R3f5 40. g4 Rf4 41. R8c4 Rxc4 42. Rxc4 {KR-KR} Ra6 43. Rc8 Ra4 44. Kg3 Rb4 45. Re8 Ra4 46. f3 Rb4 47. Re4 Rb3 48. Rc4 Kg8 49. Kf4 Kf7 50. Ke4 Ra3 51. Rc5 Kf6 52. Rc6+ Kf7 53. Rd6 Rb3 54. f4 Ke7 55. Rc6 (55. Rd4 {seems wilder.} Rb6 56. Rd5 Rb3 57. Kf5 Rb6 58. Ke5) 55... Rb5 56. Kd4 Rb1 57. Kd5 ({Better is} 57. Ke5 $16) 57... Re1 $1 $11 {The position is equal.} 58. Rc5 Re2 59. Rc4 {And now Re4+ would win.} Kf6 60. Rc6+ Ke7 61. Rb6 Kf7 62. g5 hxg5 63. fxg5 Re1 64. g6+ Ke7 65. Rb7+ Kf6 $1 66. Rf7+ Kg5 67. Rxg7 {Threatens to win with Rh7.} Kxh5 68. Rg8 Kh6 {Precision: White = 66%, Black = 77%.} 1/2-1/2

[Event "93rd FRA-ch Acession 2018"]
[Site "Nimes"]
[Date "2018.08.23"]
[Round "6"]
[White "Riff, Jean-Noel"]
[Black "Velten, Paul"]
[Result "1/2-1/2"]
[WhiteElo "2510"]
[BlackElo "2464"]
[Annotator "TA"]
[PlyCount "47"]
[EventDate "2018.08.18"]
[EventType "tourn"]
[EventCountry "FRA"]
[SourceTitle "playchess.com"]
[Source "ChessBase"]
[SourceQuality "1"]

{[%evp 20,47,28,36,58,58,61,13,13,13,17,19,21,20,21,16,50,7,17,12,14,14,18,0,14,10,12,11,19,12]} 1. e4 e6 2. d4 d5 3. Nc3 dxe4 4. Nxe4 Nd7 5. Nf3 Ngf6 6. Nxf6+ Nxf6 7. Be3 Be7 8. Bd3 O-O 9. Qe2 b6 10. O-O-O {C10: French with 3 Nc3: Unusual Black 3rd moves and 3...dxe4} Bb7 11. Kb1 {LiveBook: 4 Games} Qc8 12. Ne5 $146 {White is slightly better.} ({Predecessor:} 12. c4 c5 13. dxc5 bxc5 14. Ne5 Rd8 15. f3 Nd7 16. Bf4 Nxe5 17. Bxe5 Bc6 {1-0 (46) Demchenko,A (2632)-Stupak,K (2562) Subic Bay 2016}) 12... c5 13. c3 cxd4 ({Of course not} 13... Bxg2 $6 14. Rhg1 $16) 14. Bxd4 Bc5 15. Bxc5 Qxc5 16. f4 Rad8 17. Rhe1 Rd6 18. g3 Rfd8 {The position is equal.} 19. Bc2 Rxd1+ 20. Rxd1 Rxd1+ 21. Qxd1 {[#] Hoping for Qd8+.} Qd5 22. Qxd5 Nxd5 23. Kc1 f6 24. Nc4 {Precision: White = 62%, Black = 52%.} 1/2-1/2

[Event "93rd FRA-ch Acession 2018"]
[Site "Nimes"]
[Date "2018.08.23"]
[Round "6"]
[White "Joie, Sebastien"]
[Black "Lutard, Theo"]
[Result "1-0"]
[WhiteElo "2424"]
[BlackElo "2126"]
[Annotator "TA"]
[PlyCount "195"]
[EventDate "2018.08.18"]
[EventType "tourn"]
[EventCountry "FRA"]
[SourceTitle "playchess.com"]
[Source "ChessBase"]
[SourceQuality "1"]

{[%evp 20,194,29,18,41,19,69,4,14,22,12,0,3,0,0,0,0,0,33,8,40,28,44,0,0,0,0,-93,-94,-69,0,0,7,0,0,0,0,0,0,0,0,0,5,0,0,0,0,-9,0,0,0,0,0,0,0,0,0,0,0,-12,0,-6,0,0,0,-3,-4,-17,0,-8,-4,-10,12,-5,-2,-4,10,7,7,4,7,0,8,2,7,8,15,15,19,10,135,67,255,253,518,140,220,218,219,225,322,322,316,316,301,198,1466,1304,4137,4137,4137,4137,12799,7110,29972,29975,29970,4137,4137,4137,4137,4137,29973,29974,29974,29975,29975,29971,29967,29969,29968,29969,29966,29968,29966,448,417,383,29978,29979,29979,29979,29979,29980,29980,29981,29985,29986,29988,29989,29989,29989,29989,29990,29990,29990,29991,29991,29991,29991,29991,29991,29991,29992,29993,29994,29994,29995,29995,29996,29996,29997,29997,29998,29998,29999,29999]} 1. c4 e6 2. g3 f5 3. Bg2 Nf6 4. Nf3 d5 5. O-O Bd6 6. d3 O-O 7. Nc3 dxc4 {A10: English Opening: Unusual Replies for Black} 8. dxc4 Nc6 9. Nb5 (9. e4 e5 10. Bg5 fxe4 11. Nd2 Be7 12. Ndxe4 Nxe4 13. Qxd8 Bxd8 14. Nxe4 Nd4 15. Bxd8 Rxd8 {½-½ (60) Inarkiev,E (2707)-Grischuk,A (2761) Geneva 2017}) 9... e5 10. Nxd6 cxd6 11. b3 {LiveBook: 3 Games} Ne4 12. Ba3 $146 ({Predecessor:} 12. Qd5+ Kh8 13. Bb2 Qe7 14. Nh4 Nf6 15. Qd2 {1-0 (35) Alvarez Pedraza,A (2440)-Mingarro Carceller,S (2295) La Roda 2016}) 12... Rf7 13. Bb2 ({Better is} 13. Qd3 $14) 13... Be6 $11 14. Nd2 Nf6 15. Nf3 {Hoping for Ng5.} Ne4 16. e3 Rd7 17. Qe2 Qe7 18. Rfd1 Kh8 19. Rac1 Rc8 20. Nd2 Nf6 21. Ba3 e4 22. f3 Ne5 23. Nb1 (23. Rf1 $11 {remains equal.}) 23... exf3 24. Bxf3 {[#]} Nxf3+ (24... f4 $1 $15 {[%mdl 512]} 25. exf4 Nxf3+ 26. Qxf3 Bg4) 25. Qxf3 Bf7 {And now ...Bh5 would win.} 26. Qxf5 Qxe3+ 27. Qf2 Qxf2+ 28. Kxf2 Rcd8 29. Nc3 d5 30. cxd5 Nxd5 31. Ne4 h6 32. Nc5 Rc7 33. Bb2 Rf8 {[#] aiming for ...Bh5+.} 34. Kg1 b6 35. Nd3 Rfc8 36. Ne5 Be6 37. Rxc7 Rxc7 38. Rd2 Kh7 39. h4 Rc8 40. Nf3 Bf7 41. Nd4 Ne3 42. Kf2 Re8 43. Nb5 {Threatens to win with Nd6.} Re7 44. Nd6 Bd5 45. Rd4 Bc6 46. Bc1 Nd5 47. Rc4 Rc7 (47... Bd7 {keeps more tension.} 48. g4 Kg6 49. g5 hxg5 50. Bxg5 Re5) 48. Bd2 Bd7 49. Kf3 Rxc4 50. bxc4 {[%mdl 4096] Endgame KBN-KBN} Nf6 51. Be3 Bc6+ 52. Kf4 Nh5+ 53. Ke5 Nxg3 54. Nc8 a6 (54... Nf1 $11 55. Bf4 Bd7 56. Nxa7 Kg6) 55. Nxb6 (55. Bxb6 $16 {Strongly threatening Ne7.} Bg2 56. Ne7) 55... Ne4 $2 (55... Kg8 $14) 56. Nd5 $18 Nf6 $2 (56... Ng3 57. Ne7 Ba4) 57. Ne7 $2 (57. Nxf6+ $18 {is more deadly.} gxf6+ 58. Kxf6) 57... Ng4+ (57... Be8 $16 {is a better defense.} 58. c5 Ng8) 58. Kf4 Bd7 59. Bd4 g5+ (59... Nh2 {was necessary.} 60. c5 g5+ 61. hxg5 hxg5+ 62. Ke4 Nf1) 60. hxg5 hxg5+ 61. Kxg5 Nh6 62. Nd5 {Nf6+ is the strong threat.} Nf5 $2 (62... Ng8 63. c5 Bb5) 63. Be5 {White threatens Nf6+ and mate.} Bc8 64. Nb6 Be6 65. Kf6 Ng7 66. Ke7 Bxc4 67. Nxc4 Nf5+ 68. Kf6 (68. Kd7 $142 Kg6 69. Kc7 a5 70. a4 Ne7 71. Nxa5 Nd5+ 72. Kb7 Ne3 73. Bd4) 68... Nh4 69. Nd2 Kg8 70. Bd4 Ng2 71. Kf5 Ne1 72. Ke4 Kf7 73. Bf2 Nc2 74. Bc5 Ne1 75. Nb3 Ke8 76. Nd4 Kd7 77. Nf5 (77. Bb4 $142 Ng2 78. Nf3 Ke6 79. a4 Kf7 80. Ne5+ Ke6 81. Nd3 Nh4 82. Nc5+ Kd6 83. Nd3+ Ke6 84. Nf4+ Kf6 85. Ba5) 77... Kc6 78. Bf8 {Black must now prevent Ne3.} Kb5 $2 (78... Nc2 $18 79. a3 Kd7) 79. Ne3 {White mates.} Ka4 80. Be7 a5 81. Bd6 Kb5 82. Bg3 Ka4 83. Bxe1 Ka3 84. Kd3 Kxa2 85. Kc2 Ka3 86. Kc3 Ka4 87. Kc4 Ka3 88. Bxa5 Ka4 89. Bc3 Ka3 90. Kb5 Kb3 91. Bb4 Ka2 92. Ka4 Kb2 93. Bd2 Ka2 94. Nc4 Kb1 95. Kb3 Ka1 96. Be3 Kb1 97. Na3+ Ka1 98. Bd4# {Precision: White = 52%, Black = 39%.} 1-0

[Event "93rd FRA-ch Acession 2018"]
[Site "Nimes"]
[Date "2018.08.23"]
[Round "6"]
[White "Fruchard, Cyrille"]
[Black "Bailet, Pierre"]
[Result "0-1"]
[WhiteElo "2240"]
[BlackElo "2496"]
[Annotator "RC"]
[PlyCount "64"]
[EventDate "2018.08.18"]
[EventType "tourn"]
[EventCountry "FRA"]
[SourceTitle "playchess.com"]
[Source "ChessBase"]
[SourceQuality "1"]
[TimeControl "40/5400+30:1800+30"]

1. d4 {[%emt 0:00:00]} Nf6 {[%emt 0:00:00]} 2. c4 {[%emt 0:00:00]} e6 {[%emt 0:00:28]} 3. Nc3 {[%emt 0:00:00]} Bb4 {[%emt 0:00:14]} 4. e3 {[%emt 0:00:00]} O-O {[%emt 0:00:43]} 5. Nge2 {[%emt 0:00:03]} c6 {[%emt 0:00:56]} 6. a3 {[%emt 0:00:33]} Ba5 {[%emt 0:00:10]} 7. b4 {[%emt 0:04:11]} Bc7 {[%emt 0:00:13]} 8. e4 {[%emt 0:01:17]} d6 {[%emt 0:01:33]} 9. Ng3 {[%emt 0:02:29]} e5 {[%emt 0:00:24]} 10. d5 {[%emt 0:03:02]} a5 {[%emt 0:04:00]} 11. Bd2 {[%emt 0:04:57]} Bb6 {[%emt 0:13:27]} 12. Be2 {[%emt 0:02:39]} Bd4 {[%emt 0:01:19]} 13. O-O {[%emt 0:02:47]} axb4 {[%emt 0:02:22]} 14. axb4 {[%emt 0:00:37]} Rxa1 {[%emt 0:00:09]} 15. Qxa1 {[%emt 0:00:07]} Na6 {[%emt 0:02:49]} 16. Qb1 {[%emt 0:10:50]} cxd5 {[%emt 0:05:57]} 17. Nb5 {[%emt 0:07:13]} Bb6 {[%emt 0:12:23]} 18. exd5 {[%emt 0:04:13]} Nc7 {[%emt 0:00:31]} 19. Nxc7 {[%emt 0:02:40]} Bxc7 {[%emt 0:04:29]} 20. f4 {[%emt 0:08:17]} Bb6+ {[%emt 0:02:38]} 21. Kh1 {[%emt 0:00:54]} Bd4 {[%emt 0:00:39]} 22. Nf5 {[%emt 0:07:00]} Bxf5 {[%emt 0:02:48]} 23. Qxf5 {[%emt 0:00:06]} e4 {[%emt 0:04:04]} 24. g4 {[%emt 0:06:25]} g6 {[%emt 0:06:37]} 25. Qg5 {[%emt 0:00:14]} Qa8 {[%emt 0:04:11]} 26. f5 {[%emt 0:03:30]} Qa2 {[%emt 0:00:26]} 27. Qf4 {[%emt 0:03:04]} Be5 {[%emt 0:02:41]} 28. Qg5 {[%emt 0:02:54]} Ra8 {[%emt 0:10:08]} 29. Rf2 {[%emt 0:02:30]} Ra3 {[%emt 0:12:27]} 30. Be3 {[%emt 0:05:30]} Qb3 {[%emt 0:00:19]} 31. Bf4 {[%emt 0:03:05]} e3 {[%emt 0:01:10]} 32. Rf1 {[%emt 0:00:48]} Qc2 {[%emt 0:00:49]} 0-1

[Event "93rd FRA-ch Acession 2018"]
[Site "Nimes"]
[Date "2018.08.24"]
[Round "7"]
[White "Bailet, Pierre"]
[Black "Monroy, Charles"]
[Result "0-1"]
[WhiteElo "2496"]
[BlackElo "2428"]
[Annotator "TA"]
[PlyCount "120"]
[EventDate "2018.08.18"]
[EventType "tourn"]
[EventCountry "FRA"]
[SourceTitle "playchess.com"]
[Source "ChessBase"]
[SourceQuality "1"]

{[%evp 18,120,0,0,0,0,0,0,5,0,11,0,0,0,0,0,0,0,14,0,0,0,0,-44,-37,-37,-44,-71,-72,-70,-70,-80,-76,-72,-72,-79,-68,-212,-208,-197,-198,-232,-224,-281,-282,-273,-291,-412,-403,-435,-388,-474,-447,-519,-509,-533,-365,-513,-522,-450,-245,-513,-515,-470,-438,-574,-447,-648,-662,-643,-584,-600,-614,-677,-679,-597,-566,-677,-677,-12834,-12835,-12836,-12835,-12837,-12837,-12837,-12836,-12837,-12838,-12838,-12837,-12838,-12838,-12839,-12839,-12841,-12841,-12843,-12842,-12843,-12843,-12843,-12843,-12844,-12841]} 1. e4 e5 2. Nf3 Nc6 3. Nc3 Nf6 4. Be2 d5 5. exd5 Nxd5 6. O-O Nxc3 7. bxc3 Bd6 {C47: Scotch Four Knights and Four Knights with 4 g3} 8. d4 O-O 9. Re1 h6 10. Bd3 {[%cal Rd4e5] LiveBook: 5 Games} exd4 11. cxd4 Qf6 12. c3 Bg4 $146 ({Predecessor:} 12... Bf5 13. Qc2 Bxd3 14. Qxd3 Rae8 15. Bd2 {½-½ (88) Fressinet,L (2662)-Pruijssers,R (2536) chess.com INT 2018}) 13. Rb1 Rab8 14. h3 Bxf3 15. Qxf3 Qxf3 16. gxf3 b6 17. Be3 Rbd8 18. Kh1 Ne7 19. Rg1 Kh8 20. c4 Be5 21. d5 c6 {[%cal Bc7c6,Bc6d5][%mdl 32]} 22. Rbe1 Bf6 23. Bc1 cxd5 24. Ba3 Rfe8 25. Bc2 Ng6 {[#] aiming for ...Rxe1.} 26. Rxe8+ Rxe8 27. Bxg6 ({White should play} 27. cxd5 $15 Nf4 28. Rc1) 27... fxg6 $19 28. cxd5 $17 {[%mdl 4096] Endgame KRB-KRB} Re2 29. Rd1 Rxa2 30. Rd3 Kg8 ({Don't take} 30... Rxf2 31. d6 $19) 31. Bd6 Kf7 32. f4 (32. Kg2 $142) 32... Rxf2 $19 33. Be5 Ke8 34. Ra3 a5 {[%cal Ba7a5,Ba5a4][%mdl 32]} 35. Rc3 a4 36. Rc8+ Kd7 37. Rc7+ (37. Rb8 {is the only way for White.} g5 38. Rb7+ Ke8 39. Rb8+ Kf7 40. Rb7+ Kg6 41. Rxb6) 37... Kd8 38. Ra7 Rd2 (38... b5 $142 {...Rd2 is the strong threat.} 39. Ra8+ Kd7 40. Ra7+ Kc8 41. Ra8+ Kb7 42. Rb8+ Ka6 43. Ra8+ Kb6) 39. Ra8+ $2 (39. Bc7+ Ke7 40. Bxb6+ Kd6 41. Bc7+ Kxd5 42. Rxa4) 39... Kd7 {Black is clearly winning.} 40. Ra7+ Kc8 41. d6 Rd5 {[#] Threatens to win with ...Ra5.} 42. d7+ (42. Bxf6 $142 gxf6 43. Rxa4) 42... Rxd7 43. Rxa4 Bxe5 44. fxe5 {KR-KR} Rd5 45. Ra8+ Kd7 46. Ra7+ Ke6 47. Rxg7 Kxe5 48. Rxg6 Rd6 49. Rg8 Kd4 50. Rb8 Kc5 51. Kg2 Rf6 52. Kg3 b5 {[%cal Bb6b5,Bb5b4,Bb4b3][%mdl 32]} 53. Rc8+ Kd4 54. Rb8 Kc4 55. Kg4 b4 56. Kh5 b3 57. h4 Kc3 58. Rc8+ Kd2 59. Rb8 Kc2 60. Rc8+ Kb1 {Precision: White = 34%, Black = 77%.} 0-1

[Event "93rd FRA-ch Acession 2018"]
[Site "Nimes"]
[Date "2018.08.24"]
[Round "7"]
[White "Velten, Paul"]
[Black "Joie, Sebastien"]
[Result "1-0"]
[WhiteElo "2464"]
[BlackElo "2424"]
[Annotator "TA"]
[PlyCount "77"]
[EventDate "2018.08.18"]
[EventType "tourn"]
[EventCountry "FRA"]
[SourceTitle "playchess.com"]
[Source "ChessBase"]
[SourceQuality "1"]

{[%evp 12,76,17,25,35,32,38,34,41,39,49,49,64,21,31,21,44,26,18,28,28,36,38,-17,75,75,67,87,78,67,78,77,93,68,71,46,47,26,97,92,142,153,454,403,773,855,729,728,725,709,695,684,676,597,1075,1089,1039,1080,1310,896,29991,29992,29997,29998,29998,29999,29999]} 1. d4 d5 2. Nf3 e6 3. c4 c6 4. Nbd2 f5 5. g3 Bd6 6. Bg2 {D30: Queen's Gambit Declined: Systems without Nc3} Nd7 7. O-O {LiveBook: 25 Games} Nh6 (7... Ngf6 8. b3 O-O 9. Bb2 b6 10. Ne5 Bb7 11. e3 Qe7 12. Qe2 Ne4 13. Nxd7 Qxd7 14. Nf3 c5 15. Rfd1 Qe7 16. Ne5 Bxe5 17. dxe5 dxc4 18. bxc4 {0-1 (49) Melkumyan,H (2664)-Adhiban,B (2650) chess.com INT 2018}) 8. b3 {White is slightly better.} O-O 9. Bb2 Nf7 10. Ne1 $146 ({Predecessor:} 10. Qc2 g6 11. e3 Qc7 12. Rac1 Nf6 {½-½ (41) Molina,J-Pleci,I Buenos Aires 1931}) 10... Qf6 11. Nd3 g5 12. f3 f4 $1 13. Qe1 e5 14. cxd5 cxd5 15. e4 Qg6 $1 16. gxf4 exf4 17. Rf2 (17. Qe2 $14) 17... Nf6 (17... Re8 $11 {keeps the balance.}) 18. Ne5 $16 Bxe5 19. dxe5 dxe4 20. exf6 e3 21. Re2 {[%cal Bf2e2,Be2e7,Be7e5,Be5g5][%mdl 32]} exd2 22. Qxd2 {Re7 is the strong threat.} Bf5 23. Re7 {And now Rae1 would win.} Rad8 24. Qf2 Bc8 (24... Bd7 $11) 25. Rae1 $36 {[%mdl 2048] White is really pushing.} ({Don't play} 25. Qxa7 Rd2 $17) 25... h5 26. Bf1 Qf5 $2 (26... Bd7 $16 {is tougher.} 27. Bc4 Bc6) 27. Bc4 $18 g4 (27... b5 $142 28. Bxf7+ Rxf7) 28. R7e5 Qg6 29. Qh4 Bf5 30. fxg4 Qxg4+ 31. Qxg4+ Bxg4 {[#]} 32. h3 $1 {[%mdl 512]} Bd1 (32... Bxh3 33. Rg5+) 33. Rg5+ Kh8 34. Rg7 f3 35. Bc3 Nh6 36. Ree7 {[%csl Ge7][%cal Rg7h7] White mates.} Bc2 {[#]} 37. Rh7+ $1 {[%mdl 512]} Bxh7 38. f7+ Rd4 39. Bxd4# {Precision: White = 73%, Black = 35%.} 1-0